[Event "AUT-ch Open 2020"]
[Site "Graz"]
[Date "2020.02.17"]
[Round "4.23"]
[White "Tolonen, Mikko"]
[Black "Frosch, Erich"]
[Result "0-1"]
[WhiteElo "2090"]
[BlackElo "2210"]
[Annotator "TA"]
[PlyCount "64"]
[EventDate "2020.02.14"]
[EventType "swiss"]
[EventCountry "AUT"]
[SourceTitle "playchess.com"]
[Source "ChessBase"]
[SourceQuality "1"]

{[%evp 13,146,40,40,40,40,40,33,36,33,36,44,15,73,49,47,46,51,18,17,0,47,0,36,0,0,-29,-21,-29,-25,-45,-22,-19,0,0,0,-4,1,0,0,-7,0,-12,-15,-58,0,-2,-2,-66,-39,-147,0,0,1466,10,8,-1,12,0,0,0,7,0,4,-46,-27,-44,-21,-31,-17,-17,-19,-77,-75,-84,-13,-13,-11,-29,0,0,0,0,0,-11,0,-26,-27,-47,-47,-47,-43,-50,-47,-47,-47,-47,-40,-40,-40,-48,-47,-64,-47,-236,-236,-236,-224,-207,-196,-234,-227,-227,-68,-68,-68,-478,-464,-399,-308,-896,-885,-3059,-2726,-5793,-2906,-29982,-29983,-29983,-29984,-29983,-29984,-29984,-29985,-29985,-29986]} 1. e4 e5 2. Nf3 Nc6 3. Bc4 Be7 4. O-O Nf6 5. d3 O-O 6. Re1 d6 7. a4 Na5 8. Ba2 {C55: Two Knights: 4 d3, 4 d4 exd4 5 e5 and Max Lange Attack.} c5 9. c3 Nc6 {[%cal Ba5c6,Bc6a7,Ba7c8,Bc8b6,Bb6a4][%mdl 32]} 10. Na3 {White is slightly better.} a6 11. h3 Rb8 12. d4 {[#]} b5 $146 (12... exd4 $11 13. cxd4 d5) ({Predecessor:} 12... cxd4 13. cxd4 exd4 14. Nc2 b5 15. axb5 axb5 16. Ncxd4 Nxd4 17. Nxd4 Bb7 18. f3 Ne8 {½-½ (33) Marzano,C (2222)-Dev,S (2159) Stockholm 2019}) 13. axb5 axb5 14. d5 Na7 15. Nc2 Qc7 16. b4 Bd7 17. Bb1 Nc8 18. Ne3 Nb6 19. Bd3 Na4 20. Bd2 Rfc8 21. Kh2 Bf8 22. Qb1 c4 23. Bc2 Nb6 24. Qd1 g6 25. Qe2 Ra8 26. g3 Ra7 27. Qf1 Rca8 28. Ng1 Bg7 (28... Ra2 $15) 29. Ne2 Ra2 30. Rxa2 (30. f3 $11) 30... Rxa2 $15 31. Ra1 {[#]} (31. f3 $15) 31... Qa7 ({Black should try} 31... Rxc2 $1 $17 {[%mdl 512]} 32. Nxc2 Nxe4) 32. Rxa2 $11 Qxa2 {Played: Qa7-a4} 0-1

[Event "AUT-ch Open 2020"]
[Site "Graz"]
[Date "2020.02.17"]
[Round "4.24"]
[White "Ongut, Tamas Gunes"]
[Black "Socko, Monika"]
[Result "1/2-1/2"]
[WhiteElo "2302"]
[BlackElo "2419"]
[Annotator "TA"]
[PlyCount "88"]
[EventDate "2020.02.14"]
[EventType "swiss"]
[EventCountry "AUT"]
[SourceTitle "playchess.com"]
[Source "ChessBase"]
[SourceQuality "1"]

{[%evp 17,88,37,55,40,45,49,52,48,52,48,46,24,3,0,18,-7,0,0,-7,-18,0,0,7,-8,-5,-24,-10,-35,-10,-50,-14,-70,-70,-67,-67,-73,-67,-67,-67,-67,-67,-67,-67,-67,-50,-50,-53,-55,-12,-12,-13,-15,-15,-24,-24,-25,-22,-22,-23,-25,-25,-25,-26,-28,-29,-41,-29,-27,-16,-16,-16,-16,-16]} 1. d4 Nf6 2. c4 g6 3. g3 Bg7 4. Bg2 d6 5. Nc3 O-O 6. Nf3 Nc6 7. O-O Bg4 8. h3 Bxf3 9. Bxf3 Nd7 10. Rb1 {[#] E62: King's Indian: Fianchetto: 6...c6 and Panno Variation (6...Nc6) without ...a6.} Qc8 $146 ({Predecessor:} 10... e5 11. d5 Ne7 12. Bg2 f5 13. e3 a5 14. b3 f4 15. Ne4 fxg3 16. fxg3 Nf5 17. Kh2 Nf6 18. Nxf6+ Bxf6 {½-½ (38) Sycz,D (2215)-Dobrowolski,P (2423) Wroclaw 2018}) 11. e3 e5 {[%cal Re5d4]} 12. d5 {White is slightly better.} Ne7 13. Bg2 f5 14. b4 e4 15. Nb5 Ne5 16. Bb2 Qd7 $36 {[%mdl 2048] Black is more active.} ({Reject} 16... Nxc4 $6 17. Bxg7 Kxg7 18. Qd4+ Ne5 19. Rfc1 $16) 17. Bxe5 Bxe5 18. Nd4 c6 19. dxc6 bxc6 20. b5 Rac8 21. bxc6 Nxc6 22. Ne2 Kh8 23. c5 d5 24. Qa4 (24. Qd2 $1 $11) 24... Rfd8 $15 25. Rfd1 d4 26. exd4 Nxd4 {[%mdl 64] [#] Discovered Attack} 27. Qxd7 Rxd7 28. Nxd4 Rxd4 29. Rxd4 Bxd4 {[%mdl 4096] Endgame KRB-KRB} 30. Rc1 Bxc5 31. Kf1 Kg7 32. f3 e3 33. f4 Kf6 34. Ke2 Ke6 35. Bf3 Kd6 36. Rd1+ Kc7 37. Rc1 Kb6 38. Rb1+ Ka5 39. Rc1 Kb4 40. Bd5 Rd8 41. Rb1+ Ka3 42. Rd1 a5 43. Rd3+ Kb2 44. Bc4 Rxd3 {Accuracy: White = 91%, Black = 92%.} 1/2-1/2

[Event "AUT-ch Open 2020"]
[Site "Graz"]
[Date "2020.02.17"]
[Round "4.25"]
[White "Milikow, Yoav"]
[Black "Nomin-Erdene, Davaademberel"]
[Result "1-0"]
[WhiteElo "2296"]
[BlackElo "2417"]
[Annotator "TA"]
[PlyCount "99"]
[EventDate "2020.02.14"]
[EventType "swiss"]
[EventCountry "AUT"]
[SourceTitle "playchess.com"]
[Source "ChessBase"]
[SourceQuality "1"]

{[%evp 9,99,48,46,38,65,69,67,41,57,51,43,72,67,49,72,52,122,122,118,120,126,128,211,228,249,219,215,233,291,282,321,311,392,376,451,486,473,366,397,401,360,304,293,293,302,310,297,250,250,256,256,239,250,245,248,246,245,237,191,166,211,192,315,302,394,407,404,404,594,609,594,600,577,564,656,641,639,644,778,777,785,762,1497,1441,1289,1277,1095,1095,1541,1430,29996,29997]} 1. d4 f5 2. Bg5 g6 3. Nc3 Bg7 4. e3 c5 5. Nf3 {[#]} Nf6 $146 ({Predecessor:} 5... Nc6 6. Be2 b6 7. O-O Bb7 8. a3 Nf6 9. Qd3 Ne4 10. Bf4 Rc8 11. Nb5 a6 12. Nc3 {1-0 (21) Isgro,T-Behrmann,K CServe email 1996}) 6. Bd3 {A80: Dutch Defence: Unusual White second moves.} Qa5 7. O-O O-O 8. Qd2 {White is slightly better.} d6 9. dxc5 Qxc5 10. e4 Nc6 11. Rab1 Bd7 12. exf5 Bxf5 {[#]} (12... gxf5 $14 13. Be3 Qa5) 13. b4 $1 $16 {[%cal Rb4c5][%mdl 512]} Qb6 (13... Nxb4 14. Bxf5) 14. Bxf5 gxf5 15. Rfe1 $36 {[%mdl 2048] White has strong initiative.} Rf7 (15... Ne5 $16) 16. Be3 $18 Qc7 17. Ng5 Ne5 18. Nxf7 Nxf7 19. Nd5 Nxd5 20. Qxd5 Rc8 21. Qxf5 Qxc2 22. Qe6 Re8 23. Qd7 Qc6 24. Qxc6 bxc6 25. a4 ({Don't do} 25. Bxa7 Ne5 $18) 25... a6 26. Rec1 Rc8 27. b5 axb5 28. axb5 c5 29. b6 Rb8 30. Rb3 Nd8 31. Rcb1 Rb7 32. Ra3 {Threatens to win with Ra8.} Nc6 33. Rb5 Kf7 34. Bg5 Ke6 35. Rh3 Kd5 (35... Kf7 $142 36. Bd2 (36. Rxh7 Kg6 $16) 36... Nd4) 36. Rxh7 Bd4 37. h4 Bc3 {If only Black now had time for ...Bb4....} 38. Rb1 Nb4 (38... c4 $142 39. Rb5+ Ke6) 39. Rxe7 Rxb6 40. h5 Rb8 41. h6 Rh8 42. Rd1+ Kc6 43. h7 d5 44. Rc1 Bb2 45. Rce1 c4 46. R1e6+ Kb5 47. Rb7+ Ka5 48. Reb6 Rxh7 49. Rxb4 {White wants to mate with Bd8+.} c3 50. Bd8+ {Accuracy: White = 90%, Black = 52%.} 1-0

[Event "AUT-ch Open 2020"]
[Site "Graz"]
[Date "2020.02.17"]
[Round "4.26"]
[White "Welling, Gerard"]
[Black "Kosakowski, Jakub"]
[Result "0-1"]
[WhiteElo "2413"]
[BlackElo "2413"]
[Annotator "TA"]
[PlyCount "120"]
[EventDate "2020.02.14"]
[EventType "swiss"]
[EventCountry "AUT"]
[SourceTitle "playchess.com"]
[Source "ChessBase"]
[SourceQuality "1"]

{[%evp 16,120,31,33,30,33,51,37,52,8,68,68,83,81,83,45,41,34,34,39,26,39,28,0,0,0,0,0,0,0,9,0,0,-15,-4,-5,0,0,0,0,5,0,44,0,0,0,17,18,14,0,8,0,0,0,0,0,4,0,0,0,0,-56,-56,-66,0,0,0,0,0,0,0,0,0,0,0,0,0,-51,-51,-198,-191,-230,-230,-398,-388,-600,-564,-560,-587,-718,-657,-650,-657,-966,-935,-5060,-1567,-1518,-1480,-1239,-1263,-1080,-1076,-29983,-2345,-29984,-29985]} 1. b3 g6 2. Bb2 Nf6 3. Nf3 Bg7 4. g3 O-O 5. Bg2 d6 6. d4 Nc6 7. O-O e5 8. dxe5 Nd7 $1 {[%mdl 4] is currently scoring better than 8...Ng4.} 9. Nc3 Ndxe5 {A49: 1 d4 Nf6 2 Nf3 g6 3 g3: Anti-King's Indian systems.} 10. Nxe5 Bxe5 11. Qc1 Be6 {White is slightly better.} 12. Nd5 {[#]} Re8 $146 (12... Nd4 $11 13. Nc3 Qf6) ({Predecessor:} 12... Nd4 13. Bxd4 Bxd4 14. c3 Bg7 15. Qd2 c6 16. Nf4 d5 17. Rac1 Re8 18. Rfd1 Bf5 {0-1 (99) Aranovitch,G (2077)-Libiszewski,F (2263) Romans 1999}) 13. c4 $14 Nd4 14. Qd2 Bxd5 15. Bxd5 Qf6 {[#] ...Nxe2+! is the strong threat.} 16. Bxd4 Bxd4 17. Rad1 Bc3 18. Qc2 {Strongly threatening Rd3.} c6 19. Bg2 (19. Bxf7+ $5 Qxf7 20. Qxc3 $14) 19... Bb4 20. e3 a5 21. Rd4 Re5 22. Rf4 Qe7 (22... Qg7 {seems wilder.} 23. Rd1 h5 24. h4 Bc5 25. Rf3 Bb4) 23. Re4 f5 24. Rxe5 Qxe5 25. Rd1 Re8 26. h4 Qf6 27. Bf3 h6 28. Kg2 Kg7 29. Qd3 Re5 30. Qd4 Bc5 31. Qc3 Ba3 $1 32. Qd4 Kf7 33. Qd3 Kg7 34. Qd4 Re7 35. Qxf6+ Kxf6 $11 {[%mdl 4096] Endgame KRB-KRB} 36. h5 g5 37. g4 f4 38. Re1 ({Better is} 38. exf4 $11 gxf4 39. Rd2) 38... Bc5 $15 39. Bd1 d5 (39... fxe3 $15 40. fxe3 Rxe3 41. Rxe3 Bxe3) 40. cxd5 $11 cxd5 41. Rf1 Ke5 42. exf4+ $1 Kxf4 43. Bf3 d4 44. Rd1 b6 45. Rd3 Re1 46. a4 (46. Rd2 $11) 46... Rc1 $1 $15 47. Bd5 (47. Be2 $1 $15) 47... Rc3 $19 ({Don't do} 47... Kxg4 48. Rg3+ Kf4 49. Rf3+ Ke5 50. Bc4) 48. Bc4 Kxg4 49. f3+ $2 {[#]} (49. Rg3+ Kf4 50. Bd3) 49... Kxh5 50. Bf7+ (50. Kg3 {was called for.} Kg6 51. f4) 50... Kh4 51. Rd2 h5 52. Bd5 g4 53. fxg4 hxg4 54. Bc4 Rg3+ 55. Kh2 Bd6 (55... d3 $142 56. Rd1 d2) 56. Kh1 Rh3+ 57. Kg1 Bf4 58. Rd1 Kg3 59. Bd5 Be3+ 60. Kf1 Rh2 {Accuracy: White = 60%, Black = 89%.} 0-1

[Event "AUT-ch Open 2020"]
[Site "Graz"]
[Date "2020.02.17"]
[Round "4.27"]
[White "Ozturk, Kubra"]
[Black "Karthikeyan, P.."]
[Result "1/2-1/2"]
[WhiteElo "2286"]
[BlackElo "2406"]
[Annotator "TA"]
[PlyCount "66"]
[EventDate "2020.02.14"]
[EventType "swiss"]
[EventCountry "AUT"]
[SourceTitle "playchess.com"]
[Source "ChessBase"]
[SourceQuality "1"]

{[%evp 17,66,24,51,18,96,65,63,54,61,77,72,73,87,0,0,0,0,0,1,-26,-27,-47,0,-29,0,-74,-5,-18,-13,-12,0,0,0,0,0,-75,-53,-141,-20,-26,0,0,0,0,0,0,0,0,0,0,0]} 1. d4 Nf6 2. c4 g6 3. Nc3 Bg7 4. e4 d6 5. Nf3 O-O 6. Be2 e5 7. O-O Na6 8. Be3 Qe8 {8...c6 is becoming the main line.} 9. dxe5 dxe5 10. c5 {E94: King's Indian: Classical: 6 Be2 e5 7 0-0: Various Black 7th moves.} c6 (10... b6 $11) 11. h3 Nc7 {[#]} 12. Qd6 $146 {White is slightly better.} ({Predecessor:} 12. Nd2 Qe7 13. Nc4 Ne6 14. b4 Ne8 15. Nd6 Nd4 16. Nxc8 Rxc8 17. Bc4 Nc7 18. Ne2 {½-½ (67) Mohota,N (2311)-Paehtz,E (2471) Beijing 2008}) 12... Nb5 13. Bxb5 $1 cxb5 14. Bg5 ({Inferior is} 14. Nxe5 b4 $17) 14... Be6 15. Qxe5 (15. Rfe1 $16) 15... Nd5 $1 $11 {[%mdl 64] [#] Pin} 16. Qd6 Nxc3 17. bxc3 Bc4 18. Be7 Bxf1 19. Rxf1 Bxc3 (19... Rc8 $5 {[%cal Rc8c6]} 20. Bxf8 Bxf8 $11) 20. Bxf8 {Be7 is the strong threat.} Qxf8 (20... Rd8 $5 {[%cal Rd8d6]} 21. Qe7 Qxf8 $11) 21. Qd5 (21. e5 $11) 21... Rc8 (21... Rd8 $17 22. Qxb7 Qxc5) 22. Qxb7 Qxc5 23. Rd1 a5 24. Rd5 Qc4 25. Ng5 Rf8 26. Rxb5 (26. Qxb5 $11 Qxa2 27. Qc5) 26... Qxa2 27. Qc7 {[#]} ({White should play} 27. Qd5 $15 Qc2 28. g3) 27... Qa1+ (27... Bd4 $1 $17 {[%mdl 512]} 28. Kh2 Qxf2) 28. Kh2 a4 29. e5 $36 {[%mdl 2048] Black must now prevent e6.The position is equal. Black is under pressure.} Qe1 30. e6 {[%cal Re6f7]} Bf6 $1 31. exf7+ Kg7 32. Qc4 {And now Ne6+ would win.} Bxg5 $1 33. Rxg5 Qxf2 {Accuracy: White = 53%, Black = 60%.} 1/2-1/2

[Event "AUT-ch Open 2020"]
[Site "Graz"]
[Date "2020.02.17"]
[Round "4.28"]
[White "Ioannidis, Evgenios"]
[Black "Frank, Emanuel"]
[Result "1-0"]
[WhiteElo "2399"]
[BlackElo "2399"]
[Annotator "TA"]
[PlyCount "91"]
[EventDate "2020.02.14"]
[EventType "swiss"]
[EventCountry "AUT"]
[SourceTitle "playchess.com"]
[Source "ChessBase"]
[SourceQuality "1"]

{[%evp 9,91,-4,28,25,25,20,19,12,17,8,28,30,27,35,39,18,27,16,14,2,9,0,7,17,9,0,10,0,0,0,0,-27,0,0,0,0,25,20,150,121,316,304,484,289,262,278,295,306,309,317,322,329,447,454,432,410,412,397,384,376,375,367,468,438,796,796,748,741,741,726,796,796,796,782,718,684,782,719,968,982,913,913,1227,1050]} 1. d4 d5 2. c4 e6 3. g3 Nf6 4. Bg2 Bb4+ 5. Bd2 Bd6 6. Nc3 {[%cal Rc4d5] E01: Catalan: Early deviations.} O-O 7. cxd5 exd5 8. Nxd5 {The position is equal.} Nxd5 9. Bxd5 Bxg3 10. Qb3 Bd6 11. Nf3 Nd7 {[#]} 12. Rg1 $146 (12. Bxb7 $2 Rb8 $19) ({Predecessor:} 12. Qc2 Nf6 13. Bc4 Qe7 14. O-O-O Ne4 15. Be3 Bf5 16. Bd3 c5 17. Kb1 Rac8 18. Qc4 {½-½ (52) Markoja,B (2440)-Frank,E (2248) Graz 2019}) 12... Nf6 13. Bc4 (13. Bxb7 $2 Rb8 $19) 13... Qe7 14. O-O-O Be6 15. Bh6 Nh5 $1 16. d5 Bf5 17. Bg5 Bf4+ ({Don't blunder} 17... Qe4 $2 18. Bd3 $18) (17... Qe8 {with more complications.} 18. Bb5 Qc8 19. Nh4 a6 20. Qf3 Be4) 18. e3 Bxg5 19. Rxg5 {[%mdl 64] [#] Double Attack} Bg6 20. Rdg1 Nf6 (20... b5 $5 21. Bd3 (21. Bxb5 Rfb8 $11) 21... Qf6 22. Bxg6 hxg6 $11) 21. Ne5 {[%cal Re5g6]} Qd6 22. f4 $36 {[%mdl 2048] White is pushing.} Ne4 23. R5g2 Nc5 (23... Rae8 $11) 24. Qc3 {f5! is the strong threat.} Nd7 $2 (24... Rae8 $16 {is a better defense.}) 25. h4 $18 b5 (25... Nf6 $142 26. f5 (26. Nxg6 fxg6 27. f5 Rfe8 $11) 26... Rae8) 26. Bb3 (26. h5 $142 b4 27. Qd4) 26... b4 27. Qd4 Nxe5 28. fxe5 Qb6 29. e6 Qxd4 30. exd4 Kh8 31. e7 Rfe8 32. Re1 f6 33. Ba4 Kg8 34. Bxe8 Rxe8 {[%mdl 4096] Endgame KRR-KRB} 35. Rge2 Kf7 36. Re6 {White is clearly winning.} Bd3 (36... Bf5 $142 37. Rc6 Rxe7) 37. Rc6 Rxe7 38. Rxe7+ Kxe7 39. Rxc7+ {KR-KB} Kd6 40. Rxg7 Kxd5 41. Rxa7 Kxd4 42. Kd2 {[#] Hoping for Rd7+.} Bg6 43. Ra6 f5 44. Rf6 Kc4 45. Ke3 Kd5 46. Kf4 {Accuracy: White = 90%, Black = 54%.} 1-0

[Event "AUT-ch Open 2020"]
[Site "Graz"]
[Date "2020.02.17"]
[Round "4.29"]
[White "Hoefelsauer, Thomas"]
[Black "Dimitrov, Vladimir"]
[Result "0-1"]
[WhiteElo "2390"]
[BlackElo "2285"]
[Annotator "TA"]
[PlyCount "86"]
[EventDate "2020.02.14"]
[EventType "swiss"]
[EventCountry "AUT"]
[SourceTitle "playchess.com"]
[Source "ChessBase"]
[SourceQuality "1"]

{[%evp 10,86,7,-19,-19,-43,-47,-59,-68,-72,-60,-75,-64,-72,-51,-62,-64,-52,-3,-29,-43,-33,-27,-85,28,28,28,27,28,28,26,-29,-18,-35,-19,-68,25,-53,-46,-241,-241,-244,-234,-233,-233,-242,-231,-290,-308,-347,-280,-296,0,-339,-339,-365,-384,-377,-370,-377,-358,-357,-113,-113,0,-358,-168,-367,-204,-357,-357,-453,-441,-491,-438,-468,-437,-508,-483]} 1. d4 Nf6 2. c4 e6 3. g3 c5 4. Nf3 cxd4 5. Nxd4 Qc7 6. Bg2 Qxc4 {A32: Symmetrical English: 2 Nf3 Nf6 3 d4 cxd4 4 Nxd4 e6.} 7. O-O Nc6 8. Nb3 d5 {Black is slightly better.} 9. Nc3 Bb4 {[#]} 10. Bf4 $146 ({Predecessor:} 10. Bd2 O-O 11. Rc1 Qa6 12. a3 Be7 13. Be3 Rd8 14. Nc5 Qa5 15. Nb3 Qc7 16. Nb5 {0-1 (30) Janz,F (2327)-Teske,H (2500) Germany 2015}) 10... O-O 11. Rc1 Qa6 12. a3 Be7 13. e4 Rd8 14. exd5 (14. e5 $5 {[%cal Re5f6]} Nd7 15. Re1 $11) 14... exd5 15. Re1 {Hoping for Bf1.} Bg4 16. f3 (16. Bf1 $11 {keeps the balance.} Bxd1 17. Bxa6 Bxb3 18. Bxb7 {[%mdl 64] Double Attack}) 16... d4 ({Better is} 16... Be6 $1 $17 17. Nd4 Nxd4 18. Qxd4 Rac8) 17. Bf1 $1 $11 {[%cal Rf1a6]} dxc3 18. Bxa6 Rxd1 19. Rcxd1 Bxf3 20. Rd3 ({White should play} 20. Bxb7 Bxd1 21. Bxa8 Bxb3 22. Bxc6 cxb2 23. Be5) 20... bxa6 21. Rxf3 cxb2 {Threatens to win with ...Nd5.} 22. Rc3 Nd8 (22... Rc8 $15 23. Nd2 g5 $1 {[%mdl 512]}) 23. Nd2 (23. Rc2 $11) 23... Ne6 $15 {White must now prevent ...Nd5.} 24. Nb1 $2 (24. Rb3 $15) 24... Nd5 $19 25. Rc4 {White hopes to continue with Be5.} Ndxf4 26. gxf4 {White wants to play f5.} g6 27. Rd1 Rb8 28. Rd3 Rb5 29. Rd1 Rb3 30. Rf1 Rb5 $2 (30... Re3 $19 {aiming for ...Bc5.} 31. Kf2 Rd3) 31. a4 $2 {[%mdl 8192]} (31. Rd1 $1 $11 {and White stays safe.} Rf5 32. Rd7) 31... Rf5 32. Rc2 Bf6 ({Less strong is} 32... Nxf4 33. Rxb2 a5 34. Rb7 $17) (32... Rxf4 33. Rxf4 Nxf4 34. Rxb2 $15) 33. Rc4 Kg7 34. Nd2 Bd4+ 35. Kh1 {[#]} Be3 $2 (35... Be5 $1 $19 {[%cal Re5f4][%mdl 512] and Black stays clearly on top.} 36. Rb1 (36. fxe5 Rxf1+) 36... Nxf4) 36. Rc2 $17 Bd4 ({Black should try} 36... Bxf4 $17 37. Rxb2 Ra5) 37. Nc4 $2 {[%mdl 8192]} (37. Rc4 $11 {and White is okay.} h6 38. Kg2) 37... Rxf4 (37... Rc5 $142 {Strongly threatening ...Nxf4!} 38. Na3 Kf6 39. Rxc5 Nxc5) 38. Rb1 $2 (38. Re1) 38... Bf6 (38... Rf3 $142 39. Nxb2 Rb3) 39. Kg2 $2 (39. Rd1) 39... h5 40. Nxb2 Rb4 {Black is clearly winning.} 41. Kf2 Nf4 42. Ke3 g5 43. a5 h4 {Accuracy: White = 45%, Black = 56%.} 0-1

[Event "AUT-ch Open 2020"]
[Site "Graz"]
[Date "2020.02.17"]
[Round "4.30"]
[White "Steindl, Johannes"]
[Black "Secheres, Adrian-Simion"]
[Result "1/2-1/2"]
[WhiteElo "2273"]
[BlackElo "2273"]
[Annotator "TA"]
[PlyCount "74"]
[EventDate "2020.02.14"]
[EventType "swiss"]
[EventCountry "AUT"]
[SourceTitle "playchess.com"]
[Source "ChessBase"]
[SourceQuality "1"]

{[%evp 12,74,29,26,24,25,0,13,52,54,99,48,65,19,35,16,23,23,95,85,90,54,114,67,70,52,75,64,65,67,81,68,80,73,73,73,68,72,75,73,68,77,82,66,79,58,92,76,78,81,84,70,89,80,86,89,97,72,87,41,86,0,79,0,114]} 1. e4 e5 2. f4 Bc5 3. Nf3 d6 4. Nc3 Nf6 5. Bc4 Nc6 6. d3 Bg4 7. Na4 Bb6 {C30: King's Gambit Declined.} 8. h3 Bxf3 9. Qxf3 Nd4 10. Qf2 Qe7 11. Nxb6 ({White should play} 11. fxe5 $16 Qxe5 12. Nxb6 axb6 13. c3) 11... axb6 $14 {[#]} 12. fxe5 $146 ({Predecessor:} 12. c3 Ne6 13. fxe5 dxe5 14. O-O O-O 15. Qg3 b5 16. Bb3 Nc5 17. Bg5 Kh8 18. Bc2 {0-1 (37) Staruch,R-Mettel,W Olsztyn 1995}) 12... dxe5 13. a3 b5 14. Ba2 Ra6 (14... b4 $11 {remains equal.}) 15. O-O $16 O-O 16. Bg5 Rd6 (16... b4 $14) 17. Rae1 h6 18. Be3 Nd7 19. Kh1 Rf6 20. Qd2 Ne6 21. Rf5 Rxf5 22. exf5 Ng5 23. Qb4 Qxb4 24. axb4 Ra8 25. Bb3 Kf8 26. Kg1 Nh7 27. Kf2 Nhf6 28. g4 b6 29. Kg3 c6 30. c3 Nd5 31. Bd2 f6 32. Kf3 Ke7 33. Ke4 Kd6 34. Rc1 Nc7 35. Be3 Nd5 36. Bd2 Nc7 $1 37. Be3 Nd5 {Accuracy: White = 80%, Black = 73%.} 1/2-1/2

[Event "AUT-ch Open 2020"]
[Site "Graz"]
[Date "2020.02.17"]
[Round "4.31"]
[White "Kozak, Antoni"]
[Black "Papakonstantinou, Dimitrios"]
[Result "0-1"]
[WhiteElo "2275"]
[BlackElo "2275"]
[Annotator "TA"]
[PlyCount "78"]
[EventDate "2020.02.14"]
[EventType "swiss"]
[EventCountry "AUT"]
[SourceTitle "playchess.com"]
[Source "ChessBase"]
[SourceQuality "1"]

{[%evp 13,89,47,47,49,38,20,24,25,23,16,24,27,33,18,10,22,17,-9,12,-63,20,4,47,42,55,35,58,-6,85,40,134,133,132,122,126,18,28,33,38,9,23,18,64,9,57,0,0,38,0,-63,-82,-79,-95,-93,-99,-97,-96,-134,-115,-159,-85,-242,-32,-50,-57,-76,-67,-553,-558,-883,-872,-844,-830,-29989,-29990,-29992,-29992,-29999]} 1. d4 Nf6 2. c4 g6 3. Nc3 Bg7 4. e4 d6 5. Nf3 O-O 6. h3 e5 7. d5 Nh5 8. g3 {E90: King's Indian: Classical: Early deviations and 6 h3.} Qe7 {[#]} 9. Nh4 $146 ({Predecessor:} 9. Bg5 f6 10. Bd2 f5 11. exf5 e4 12. Qe2 Re8 13. Bg5 Qf7 14. Nh4 gxf5 15. O-O-O Na6 {0-1 (39) Karjakin,S (2774)-Grischuk,A (2747) Almaty 2016}) 9... a5 10. Ng2 {White has an edge.} Na6 11. Be2 Nf6 12. h4 c6 13. h5 cxd5 {...d4 is the strong threat.} 14. cxd5 Nc5 15. Rh4 Bd7 16. a4 (16. Be3 $11) 16... Rfc8 (16... gxh5 $6 17. Ne3 $14) (16... h6 $1 $15 17. Qc2 Rac8 18. hxg6 fxg6 19. Bxh6 Bxh6 20. Rxh6 Kg7) 17. Ra3 $11 Rc7 18. Be3 Qe8 19. Kf1 Rac8 20. Ne1 (20. Kg1 $14) 20... Bf8 (20... h6 $11) 21. Nd3 (21. hxg6 {is interesting.} fxg6 22. Nd3 Na6 23. Qd2 Rc4 24. Rb3) 21... b6 (21... Nxd3 $14 22. Bxd3 Nxh5) 22. Nxc5 $16 bxc5 23. Bg5 Be7 24. Qd2 (24. Nb5 $16) 24... c4 $11 25. Kg2 Rb7 26. Ra1 Rcb8 $1 27. Rah1 Bxa4 ({Wrong is} 27... Nxh5 $2 28. Bxe7 Qxe7 29. Bxh5 $18) (27... gxh5 28. Bxf6 Bxf6 29. Rxh5 $18) 28. Qe3 ({But not} 28. Nxa4 Qxa4 29. Qc1 Rc8 $15) (28. Qc1 $1 $14) 28... Bb3 29. g4 (29. Qc1 $14) 29... Qd8 {Threatens to win with ...Nxd5!} 30. hxg6 fxg6 31. Qh3 (31. Qf3 $11) 31... Nh5 $1 $36 {[%mdl 2048] Black is on the roll.} 32. gxh5 Bxg5 33. Rg4 gxh5 34. Qxh5 {Strongly threatening f4.} Rg7 35. Rg3 Qf6 36. Bg4 h6 (36... Bf4 $142 37. Be6+ Kh8 38. Rxg7 Qxg7+ 39. Kf3 Bc2) 37. Nb5 $2 {[#]} (37. Be6+ $17 Kf8 38. Qe2) 37... Rf8 $2 ({Black should try} 37... Kf8 $1 $19 38. Nc3 Bf4) 38. Be6+ Kh8 39. Bf5 Ba4 {Played: Bb3-c2} 0-1